000 00459nam a2200121Ia 4500
008 160712s9999 xx 000 0 und d
100 _aRaquiza, Ma. Victoria R.
245 _cMa. Victoria R. Raquiza
_aThe Philippine Poverty Line: Does it Really Tell Us Who is Poor?
260 _c2012
_bPhilippine Journal of Social Development
300 _avol. 4
650 _xSOCIAL DEVELOPMENT
856 _uhttp://journals.upd.edu.ph/index.php/pjsd/issue/view/414/showToc
999 _c297517
_d297517